International cooperation and public goods : opportunities for the Western alliance /

Bibliographic Details
Main Author: Boyer, Mark A.
Format: Book
Language:English
Published: Baltimore : Johns Hopkins University Press, [1993]
Subjects:

MARC

Tag First Indicator Second Indicator Subfields
LEADER 00000cam a2200000 a 4500
001 in00001107253
005 20150930060607.0
008 920420s1993 mdua b 001 0 eng
010 |a  92014737  
020 |a 0801844401 (acid-free paper) 
035 |a (OCoLC)25788109 
035 |9 AFU5196AM 
040 |a DLC  |c DLC  |d TXA  |d UtOrBLW 
049 |a TXAM 
050 0 0 |a JX1952  |b .B7244 1993 
082 0 0 |a 355/.031/091821  |2 20 
100 1 |a Boyer, Mark A. 
245 1 0 |a International cooperation and public goods :  |b opportunities for the Western alliance /  |c Mark A. Boyer. 
264 1 |a Baltimore :  |b Johns Hopkins University Press,  |c [1993] 
264 4 |c ©1993 
300 |a xiii, 176 pages :  |b illustrations ;  |c 24 cm. 
336 |a text  |b txt  |2 rdacontent 
337 |a unmediated  |b n  |2 rdamedia 
338 |a volume  |b nc  |2 rdacarrier 
504 |a Includes bibliographical references (pages 147-170) and index. 
650 0 |a Security, International. 
650 0 |a International cooperation. 
650 0 |a Public goods. 
650 0 |a International relations. 
650 0 |a International economic relations. 
610 2 0 |a North Atlantic Treaty Organization. 
999 |a MARS 
999 f f |s c9a0a4dd-9e3e-334d-8b52-553aeb3c7ce6  |i 1ab40d74-1977-34c2-9268-01afbf01bade  |t 0 
952 f f |p ric  |a Texas A&M University  |b Rellis Campus  |c Joint Library Facility  |d Remote Storage  |t 0  |e JX1952 .B7244 1993  |h Library of Congress classification  |i unmediated -- volume  |m A14816866908 
998 f f |a JX1952 .B7244 1993  |t 0  |l Remote Storage